Представление документа в формате RUSMARC

ПолеНазваниеЗначение
  Тип записи a
  Библиографический уровень m
001 Контрольный номер RU/SLIB/B/208729846
005 Дата корректировки 20231030112125.6
010 Индекс ISBN __
d Цена 135-00
101 Язык документа 0_
a Язык текста rus
200 Заглавие и сведения об ответственности 1_
a Заглавие Письмовник для ведения деловой корреспонденции
b Общее обозначение материала Текст
210 Выходные данные 1_
a Место издания М.
c Издательство Моск. рабочий
d Дата издания 1992
215 Физическое описание __
a Объем 248 с.
300 Общие примечания __
a Общие примечания на рус. и англ. яз.
606 Тематические рубрики __
a Основная рубрика Социальное управление
606 Тематические рубрики __
a Основная рубрика Делопроизводство
610 Ключевые слова 0_
a Ключевые слова деловая корреспонденция
686 Индексы других классификаций __
a Классификационный индекс 60.844; ст60.8
700 Автор _1
a Фамилия Загорская
b Имя А. П.
4 Код отношения 070
701 Альтернативная интеллектуальная ответственность _1
a Фамилия Петроченко
b Имя П.Ф.
801 Источник записи _0
a Страна RU
b Организация Муниципальное бюджетное учреждение культуры "Централизованная библиотечная система" г. Сургут (Центральная городская библиотека им. А. С. Пушкина)
g Правила каталогизации КиК/Лебедева
801 Источник записи _1
a Страна RU
b Организация Муниципальное бюджетное учреждение культуры "Централизованная библиотечная система" г. Сургут (Центральная городская библиотека им. А. С. Пушкина)
g Правила каталогизации КиК/Лебедева
852 Данные о местонахождении __
j Шифр хранения 60.844
c Каталожный индекс 65.050.2
i Авторский знак З-14
p Инвентарный номер 49271
901 Тип документа __
t Тип документа m
990 Данные о заказе (DOS) __
j Количество экземпляров (DOS) 1
t N записи в КСУ для И/У (DOS) 199401